000 00934nam a2200241Ia 4500
003 OSt
005 20220923225433.0
006 a|||||r|||| 00| 0
007 ta
008 220922b |||||||| |||| 00| 0 san d
024 _a268,113
037 _cTextual
040 _aARTS
_cARTS
_bsan
041 _2san
_asan
082 _aQ141:4x1,1, 15H2;P9
100 _aकौशिकाचार्येण
245 0 _aअथर्ववेदीय कौैशिक गृहयसूत्रम्, संपा उदयनारायण सिंह
246 _aAtharvavedīya kauaishik gṛuhayasūtram, sanpā udayanārāyaṇ sianha
260 _aवाराणसी
_b चौखम्बा संस्कृत सीरीज आफिस
_c2009
650 _aधर्म
942 _hQ141:4x1,1, 15H2;P9
_cTEXL
_2CC
999 _c378302
_d378302